| 000 | 02021cam a22005177a 4500 | ||
|---|---|---|---|
| 001 | 000094741 | ||
| 003 | CHAP | ||
| 005 | 20220329143041.0 | ||
| 008 | 051024d2005 mx abd r 00110 spa d | ||
| 010 | _a91207 | ||
| 011 | _a92179 | ||
| 035 | _a102742 | ||
| 040 | _cCHAP | ||
| 090 | _aTesis | ||
| 100 | 0 | 0 |
_aCastro Ayala, Elena. _920329 |
| 245 | 1 | 0 |
_aCaracterísticas y oportunidades del mango mexicano en el Oeste de Canada / _c/por Elena Castro Ayala y Perla Alejandra Ramírez Oliver. |
| 260 |
_aChapingo, Méx. : _bEl autor, _c2005. |
||
| 300 |
_a137 h. : _bilus. ; gráfs. ; mapas ; cuadros ; diagrama. |
||
| 502 | _aTesis (Lic. en Comercio Internacional de Productos Agropecuarios) -- UACH. División de Ciencias Económico Administrativas | ||
| 590 |
_aALEPH _b10 _c20130110 _lUCH01 _h1507 |
||
| 590 |
_aBATCH-UPD _b10 _c20130110 _lUCH01 _h0244 |
||
| 590 |
_aBATCH-UPD _b10 _c20130110 _lUCH01 _h1138 |
||
| 590 |
_aBATCH-UPD _b10 _c20130409 _lUCH01 _h2314 |
||
| 590 |
_aBATCH-UPD _b10 _c20130410 _lUCH01 _h1304 |
||
| 590 |
_aBATCH-UPD _b10 _c20130914 _lUCH01 _h0859 |
||
| 590 |
_aBATCH-UPD _b10 _c20140324 _lUCH01 _h1452 |
||
| 590 |
_aBATCH-UPD _b10 _c20141002 _lUCH01 _h0827 |
||
| 590 |
_aBATCH _b00 _c20181121 _lUCH01 _h0759 |
||
| 590 |
_aCONVERSION _b10 _c20130109 _lUCH01 _h1350 |
||
| 590 |
_aE12093SGE _b10 _c20130611 _lUCH01 _h1019 |
||
| 650 | 1 | 4 |
_aCanadá _xComercio _xMéxico. _918230 |
| 650 | 1 | 4 |
_aMango _xAspectos económicos. _970398 |
| 650 | 1 | 4 |
_aMango _xExportación. _970415 |
| 650 | 1 | 4 |
_aMango _xMercadeo. _970434 |
| 650 | 1 | 4 |
_aMango _xMercadeo _xMéxico. _970435 |
| 650 | 1 | 4 |
_aMango _xNormas de calidad. _970441 |
| 700 | 0 |
_aRamírez Oliver, Perla Alejandra. _994171 |
|
| 856 |
_3Finding aid _uhttp://10.13.5.2/tesis/102742.pdf _zTeclea aquí |
||
| 856 |
_a1 _n0001454 |
||
| 901 | _aBK | ||
| 905 | _aMarco A. Mendoza T. | ||
| 942 | _cCD | ||
| 942 | _n0 | ||
| 949 |
_aTesis _bBC _cTES _d1027421 _eTS1 _gDonaciØn _h44225 _i102742 _sb |
||
| 949 |
_aTesis _bBC _cTES _d33724000965455 _eTS2 _fc.2 _gDonaciØn _h44226 _i102742 _si |
||
| 999 |
_c91207 _d91207 |
||